<?xml version="1.0" encoding="UTF-8"?><?xml-stylesheet type="text/xsl" href="static/style.xsl"?><OAI-PMH xmlns="http://www.openarchives.org/OAI/2.0/" xmlns:xsi="http://www.w3.org/2001/XMLSchema-instance" xsi:schemaLocation="http://www.openarchives.org/OAI/2.0/ http://www.openarchives.org/OAI/2.0/OAI-PMH.xsd"><responseDate>2026-04-27T21:50:56Z</responseDate><request verb="GetRecord" identifier="oai:uvadoc.uva.es:10324/28307" metadataPrefix="marc">https://uvadoc.uva.es/oai/request</request><GetRecord><record><header><identifier>oai:uvadoc.uva.es:10324/28307</identifier><datestamp>2025-03-26T19:10:16Z</datestamp><setSpec>com_10324_28098</setSpec><setSpec>com_10324_5186</setSpec><setSpec>com_10324_29291</setSpec><setSpec>col_10324_28219</setSpec></header><metadata><record xmlns="http://www.loc.gov/MARC21/slim" xmlns:doc="http://www.lyncode.com/xoai" xmlns:xsi="http://www.w3.org/2001/XMLSchema-instance" xmlns:dcterms="http://purl.org/dc/terms/" xsi:schemaLocation="http://www.loc.gov/MARC21/slim http://www.loc.gov/standards/marcxml/schema/MARC21slim.xsd">
<leader>00925njm 22002777a 4500</leader>
<datafield tag="042" ind1=" " ind2=" ">
<subfield code="a">dc</subfield>
</datafield>
<datafield tag="720" ind1=" " ind2=" ">
<subfield code="a">Villalba, Manuel J.</subfield>
<subfield code="e">author</subfield>
</datafield>
<datafield tag="260" ind1=" " ind2=" ">
<subfield code="c">2008</subfield>
</datafield>
<datafield tag="520" ind1=" " ind2=" ">
<subfield code="a">El mismo mar de todos los veranos es uno de los textos señeros de la producción novelística postmoderna española. A lo largo de la novela, Esther Tusquets propone una representación de la conciencia novedosa y compleja, que resulta en un texto de muy difícil lectura. En este artículo me interrogo sobre las características de la representación de la conciencia en esta novela. El análisis de la obra es doble: a partir, primero, de un acercamiento pragmático al texto y, segundo,  de un acercamiento semántico. Este análisis servirá a su vez para sondear las fronteras entre la modernidad y la postmodernidad narrativas en lo que podemos denominar novela de la transición española a la democracia que se produjo a finales de los 70 y principios de los 80, e interpretará la representación de la conciencia propuesta por Tusquets a la luz del concepto de conciencia esquizofrénica, formulado por Deleuze y Guattari en su libro Capitalismo et schizophénie. L’Anti-Œdipe.</subfield>
</datafield>
<datafield tag="024" ind2=" " ind1="8">
<subfield code="a">Siglo XXI. Literatura y Cultura Españolas; Núm. 6 (2008): Siglo XXI: Literatura y cultura españolas pags. 235-249</subfield>
</datafield>
<datafield tag="024" ind2=" " ind1="8">
<subfield code="a">2172-7457</subfield>
</datafield>
<datafield tag="024" ind2=" " ind1="8">
<subfield code="a">http://uvadoc.uva.es/handle/10324/28307</subfield>
</datafield>
<datafield tag="024" ind2=" " ind1="8">
<subfield code="a">10.24197/sxxi.6.2008.235-249</subfield>
</datafield>
<datafield tag="024" ind2=" " ind1="8">
<subfield code="a">235</subfield>
</datafield>
<datafield tag="024" ind2=" " ind1="8">
<subfield code="a">6</subfield>
</datafield>
<datafield tag="024" ind2=" " ind1="8">
<subfield code="a">249</subfield>
</datafield>
<datafield tag="245" ind1="0" ind2="0">
<subfield code="a">Conciencia y (post)modernidad en El mismo mar de todos los veranos de Esther Tusquets</subfield>
</datafield>
</record></metadata></record></GetRecord></OAI-PMH>